<?xml version="1.0" encoding="UTF-8"?>
<record
    xmlns:xsi="http://www.w3.org/2001/XMLSchema-instance"
    xsi:schemaLocation="http://www.loc.gov/MARC21/slim http://www.loc.gov/standards/marcxml/schema/MARC21slim.xsd"
    xmlns="http://www.loc.gov/MARC21/slim">

  <leader>01478nam a22002177a 4500</leader>
  <controlfield tag="005">20230719155504.0</controlfield>
  <controlfield tag="008">230714b           ||||| |||| 00| 0 eng d</controlfield>
  <datafield tag="020" ind1=" " ind2=" ">
    <subfield code="a">9781470436582</subfield>
  </datafield>
  <datafield tag="040" ind1=" " ind2=" ">
    <subfield code="c">AL</subfield>
  </datafield>
  <datafield tag="041" ind1=" " ind2=" ">
    <subfield code="a">eng</subfield>
  </datafield>
  <datafield tag="082" ind1=" " ind2=" ">
    <subfield code="2">23</subfield>
    <subfield code="a">808.06651</subfield>
    <subfield code="b">KRAP</subfield>
  </datafield>
  <datafield tag="100" ind1=" " ind2=" ">
    <subfield code="a">Steven G.Krantz</subfield>
    <subfield code="9">126940</subfield>
  </datafield>
  <datafield tag="245" ind1=" " ind2=" ">
    <subfield code="a">Primer of Mathematical Writing</subfield>
    <subfield code="b">: Being a disquisition on having your ideas recorded, typeset, published read, and appreciated</subfield>
  </datafield>
  <datafield tag="250" ind1=" " ind2=" ">
    <subfield code="a">2th ed.</subfield>
  </datafield>
  <datafield tag="260" ind1=" " ind2=" ">
    <subfield code="a">Rhode, Island</subfield>
    <subfield code="b">American Mathematical Society</subfield>
    <subfield code="c">2017</subfield>
  </datafield>
  <datafield tag="300" ind1=" " ind2=" ">
    <subfield code="a">xiii,243p.</subfield>
    <subfield code="b">PB</subfield>
    <subfield code="c">25x17cm.</subfield>
  </datafield>
  <datafield tag="365" ind1=" " ind2=" ">
    <subfield code="2">General</subfield>
    <subfield code="a">1653</subfield>
    <subfield code="b">&#x20B9;3263.00</subfield>
    <subfield code="d">&#x20B9;3839.00</subfield>
    <subfield code="e">15%</subfield>
    <subfield code="f">31/05/2023</subfield>
  </datafield>
  <datafield tag="520" ind1=" " ind2=" ">
    <subfield code="a">This is the second edition of a book originally published in 1997. Today the internet virtually consumes all of our lives (especially the lives of writers). As both readers and writers, we are all aware of blogs, chat rooms, and preprint servers. There are now electronic-only journals and print-on-demand books, Open Access journals and joint research projects such as MathOverflow&#x2015;not to mention a host of other new realities. It truly is a brave new world, one that can be overwhelming and confusing. The truly new feature of this second edition is an extensive discussion of technological developments. Similar to the first edition, Krantz's frank and straightforward approach makes this book particularly suitable as a textbook for an undergraduate course.</subfield>
  </datafield>
  <datafield tag="650" ind1=" " ind2=" ">
    <subfield code="2">English</subfield>
    <subfield code="a">Literature</subfield>
    <subfield code="9">126976</subfield>
  </datafield>
  <datafield tag="942" ind1=" " ind2=" ">
    <subfield code="2">ddc</subfield>
    <subfield code="c">BK</subfield>
  </datafield>
  <datafield tag="999" ind1=" " ind2=" ">
    <subfield code="c">227868</subfield>
    <subfield code="d">227868</subfield>
  </datafield>
  <datafield tag="952" ind1=" " ind2=" ">
    <subfield code="0">0</subfield>
    <subfield code="1">0</subfield>
    <subfield code="2">ddc</subfield>
    <subfield code="4">0</subfield>
    <subfield code="7">0</subfield>
    <subfield code="8">MAT</subfield>
    <subfield code="a">SACPG</subfield>
    <subfield code="b">SACPG</subfield>
    <subfield code="d">2023-07-13</subfield>
    <subfield code="e">Biblios Book Point</subfield>
    <subfield code="g">3263.00</subfield>
    <subfield code="l">1</subfield>
    <subfield code="o">808.06651 KRAP</subfield>
    <subfield code="p">PG024314</subfield>
    <subfield code="r">2025-02-08 00:00:00</subfield>
    <subfield code="s">2025-02-03</subfield>
    <subfield code="v">3839.00</subfield>
    <subfield code="w">2023-07-14</subfield>
    <subfield code="y">BK</subfield>
  </datafield>
</record>
